|
|
|
|
| LEADER |
00000nam a2200000Ii 4500 |
| 001 |
DIGEDIUOC872 |
| 003 |
NyNyDIG |
| 008 |
200205s2016 sp a o 000 0 spa d |
| 006 |
m o d |
| 007 |
cr ||||||||||| |
| 035 |
|
|
|a (OCoLC)1140368325
|
| 040 |
|
|
|a DGITA
|b eng
|e rda
|e pn
|c DGITA
|
| 020 |
|
|
|a 9788491164821
|q (eBook ;
|q pdf)
|
| 020 |
|
|
|a 8491164820
|q (eBook ;
|q pdf)
|
| 020 |
|
|
|a 9788491164838
|q (eBook ;
|q ePub)
|
| 020 |
|
|
|a 8491164839
|q (eBook ;
|q ePub)
|
| 020 |
|
|
|z 9788491164814
|
| 020 |
|
|
|z 8491164812
|
| 043 |
|
|
|a e-sp---
|
| 050 |
1 |
4 |
|a LC93.S7 ebook
|
| 100 |
1 |
|
|a Barnés, Héctor G.
|q (Héctor García),
|d 1985-
|e author.
|
| 245 |
1 |
3 |
|a La ley de las aulas :
|b la enseñanza española desde Franco hasta Wert /
|c Héctor G. Barnés.
|
| 246 |
3 |
0 |
|a Enseñanza española desde Franco hasta Wert
|
| 250 |
|
|
|a Primera edición digital.
|
| 264 |
|
1 |
|a Barcelona :
|b Editorial UOC,
|c 2016.
|
| 300 |
|
|
|a 1 online resource :
|b illustrations.
|
| 336 |
|
|
|a text
|b txt
|2 rdacontent
|
| 337 |
|
|
|a computer
|b c
|2 rdamedia
|
| 338 |
|
|
|a online resource
|b cr
|2 rdacarrier
|
| 347 |
|
|
|a text file
|2 rdaft
|
| 347 |
|
|
|b PDF
|
| 347 |
|
|
|b EPUB
|
| 490 |
1 |
|
|a 360° reportajes ;
|v 28
|
| 588 |
0 |
|
|a Online resource; title from PDF title page (Digitalia, viewed February 5, 2020)
|
| 650 |
|
0 |
|a Education
|z Spain
|x History
|y 20th century.
|
| 650 |
|
0 |
|a Education
|z Spain
|x History
|y 21st century.
|
| 650 |
|
0 |
|a Education and state
|z Spain
|x History.
|
| 655 |
|
0 |
|a Electronic books.
|
| 791 |
2 |
|
|a Digitalia (Firm),
|e distributor.
|
| 793 |
0 |
|
|g Digitalia eBook Collection:
|a Universitat Oberta de Catalunya.
|
| 776 |
0 |
8 |
|i Print version:
|a Barnés, Héctor G. (Héctor García), 1985-
|t Ley de las aulas.
|d Barcelona : Editorial UOC, 2016
|z 9788491164814
|w (DLC) 2016483924
|w (OCoLC)994263169
|
| 830 |
|
0 |
|a 360° reportajes ;
|v 28.
|
| 856 |
4 |
0 |
|3 Digitalia Hispánica
|u https://www.digitaliapublishing.com/a/47345/
|
| 910 |
|
|
|a Premium collection: 2020
|